Welcome to CU Library Online Public Access Catalogue (OPAC)

Data Communications and Networking (Record no. 8227)

MARC details
000 -LEADER
fixed length control field 00491nam a22001577a 4500
005 - DATE AND TIME OF LATEST TRANSACTION
control field 20251111172858.0
008 - FIXED-LENGTH DATA ELEMENTS--GENERAL INFORMATION
fixed length control field 251111b |||||||| |||| 00| 0 eng d
020 ## - INTERNATIONAL STANDARD BOOK NUMBER
International Standard Book Number 9789814577519
050 ## - LIBRARY OF CONGRESS CALL NUMBER
Classification number TK5105
Item number .F6617
100 ## - MAIN ENTRY--PERSONAL NAME
Personal name Forouzan, Behrouz
245 ## - TITLE STATEMENT
Title Data Communications and Networking
Statement of responsibility, etc. Behrouz A. Forouzan
250 ## - EDITION STATEMENT
Edition statement 5th ed.
Remainder of edition statement Global edition
260 ## - PUBLICATION, DISTRIBUTION, ETC.
Place of publication, distribution, etc. New York
Name of publisher, distributor, etc. McGraw-Hill Education
Date of publication, distribution, etc. 2013
300 ## - PHYSICAL DESCRIPTION
Extent xxxviii. 1226p.
Other physical details ill. some color
Dimensions 23.5cm
942 ## - ADDED ENTRY ELEMENTS (KOHA)
Source of classification or shelving scheme Library of Congress Classification
Koha item type Books
Edition 5th ed.
Suppress in OPAC No
999 ## -
-- 8227
-- 8227
Holdings
Withdrawn status Lost status Source of classification or shelving scheme Damaged status Not for loan Collection Home library Current library Shelving location Date acquired Total checkouts Full call number Barcode Date last seen Copy number Price effective from Koha item type
    Library of Congress Classification     Non-fiction Science Library (Miotso) Science Library (Miotso) General stacks 11/11/2025   TK5105 .F6617 FOR SLM00005769 11/11/2025 1 11/11/2025 Books
    Library of Congress Classification     Non-fiction Science Library (Miotso) Science Library (Miotso) General stacks 11/11/2025   TK5105 .F6617 FOR SLM00005770 11/11/2025 2 11/11/2025 Books
    Library of Congress Classification     Non-fiction Science Library (Miotso) Science Library (Miotso) General stacks 11/11/2025   TK5105 .F6617 FOR SLM00005771 11/11/2025 3 11/11/2025 Books
    Library of Congress Classification     Non-fiction Science Library (Miotso) Science Library (Miotso) General stacks 11/11/2025   TK5105 .F6617 FOR SLM00005772 11/11/2025 4 11/11/2025 Books
    Library of Congress Classification     Non-fiction Science Library (Miotso) Science Library (Miotso) General stacks 11/11/2025   TK5105 .F6617 FOR SLM00005773 11/11/2025 5 11/11/2025 Books
© 2023-2024 Copyright: Central University Libraries. All Rights Reserved | Created by: Mahone Tech Office